000 00597nam a22001937a 4500
005 20251108174848.0
008 250721s2007 xx 000 0 ara d
082 1 4 _a185/طال
100 1 _aطاليس، أرسطو
_eمؤلف
245 1 0 _aالكون والفساد /
264 1 _aالقاهرة :
_bالمشروع القومي للترجمة،
_c2007.
300 _a286ص.
650 1 7 _aالفلسفة اليونانية
650 1 7 _aالفلسفة
653 _aأرسطوطاليس
700 1 _aسانتهلير، بارتلمى
_eمترجم
942 _2ddc
_cBK
999 _c120015
_d120015